[Event "Donostia Gipuzkoa-ch"]
[Site "San Sebastian"]
[Date "2013.11.02"]
[Round "5"]
[White "Izagirre Alsua, Aritz"]
[Black "Kuende Gorostidi, Jon"]
[Result "0-1"]
[WhiteElo "1925"]
[BlackElo "1799"]
[PlyCount "102"]
[EventDate "2013.10.05"]
[EventType "swiss"]
[EventRounds "7"]
[EventCountry "ESP"]
[SourceTitle "EXT 2015"]
[Source "ChessBase"]
[SourceDate "2014.11.20"]
[SourceVersion "1"]
[SourceVersionDate "2014.11.20"]
[SourceQuality "1"]

1. e4 c5 2. Nc3 Nc6 3. g3 g6 4. Bg2 Bg7 5. d3 d6 6. Be3 Rb8 7. Qd2 b5 8. f4 b4 9. Nd1 Qc7 10. Nf3 f5 11. 0-0 Nh6 12. h3 0-0 13. c3 a5 14. e5 dxe5 15. fxe5 Nf7 16. d4 Ba6 17. Re1 Rbd8 18. Qf2 bxc3 19. bxc3 cxd4 20. cxd4 Nb4 21. Rc1 Qb8 22. Nb2 Nd5 23. Rb1 Nc3 24. Rbc1 Ne4 25. Qc2 Rc8 26. Qb3 Qxb3 27. axb3 Nc3 28. Nc4 Nd5 29. Bd2 a4 30. Ng5 Nxg5 31. Bxd5+ e6 32. Bxg5 exd5 33. Nd6 Rxc1 34. Rxc1 axb3 35. Rb1 Rb8 36. Rb2 Bd3 37. Kf2 Rb4 38. Be3 Kf8 39. Ke1 h6 40. h4 Ke7 41. Kd2 Bc2 42. Kc3 Rb8 43. Bf4 Ke6 44. Kd2 Bf8 45. Nf7 Bb4+ 46. Kc1 Ra8 47. Rxc2 bxc2 48. Nd6 Ra2 49. Nb5 Kd7 50. Bd2 Be7 51. Nc3 Ba3# 0-1

[Event "Gipuzkoa-ch"]
[Site "Zarautz"]
[Date "2009.11.28"]
[Round "6"]
[White "Kuende Gorostidi, Jon"]
[Black "Izagirre Alsua, Aritz"]
[Result "1-0"]
[WhiteElo "1805"]
[BlackElo "1803"]
[PlyCount "43"]
[EventDate "2009.10.24"]
[EventType "swiss"]
[EventRounds "7"]
[EventCountry "ESP"]
[SourceTitle "EXT 2012"]
[Source "ChessBase"]
[SourceDate "2011.11.24"]
[SourceVersion "1"]
[SourceVersionDate "2011.11.24"]
[SourceQuality "1"]

1. e4 c5 2. Nf3 d6 3. d4 cxd4 4. Nxd4 Nf6 5. Nc3 g6 6. Be3 Bg7 7. f3 Nc6 8. Qd2 Bd7 9. 0-0-0 0-0 10. g4 Qa5 11. Nb3 Qc7 12. Bh6 Rfc8 13. Bxg7 Kxg7 14. h4 Be6 15. h5 a5 16. hxg6 fxg6 17. Qh6+ Kg8 18. Bh3 Ne5 19. g5 Bxh3 20. gxf6 exf6 21. Rxh3 b5 22. Nd5 1-0

[Event "Gipuzkoa-ch"]
[Site "Zarautz"]
[Date "2009.10.24"]
[Round "1"]
[White "Kuende Gorostidi, Jon"]
[Black "Beitia Amador Carrandi, Ernesto"]
[Result "0-1"]
[WhiteElo "1805"]
[BlackElo "2010"]
[PlyCount "42"]
[EventDate "2009.10.24"]
[EventType "swiss"]
[EventRounds "7"]
[EventCountry "ESP"]
[SourceTitle "EXT 2012"]
[Source "ChessBase"]
[SourceDate "2011.11.24"]
[SourceVersion "1"]
[SourceVersionDate "2011.11.24"]
[SourceQuality "1"]

1. e4 e5 2. Nf3 Nc6 3. Bb5 Nf6 4. 0-0 Nxe4 5. d4 Nd6 6. Bxc6 dxc6 7. Nxe5 Be6 8. Re1 Be7 9. c4 0-0 10. b3 Bf6 11. Bb2 Nf5 12. Re4 Ne7 13. Nc3 Bf5 14. Re3 Re8 15. Ng4 Bxd4 16. Rg3 Bxg4 17. Qxg4 Bf6 18. Rd1 Qc8 19. Rd7 Nf5 20. Ne4 Rxe4 21. Qxe4 Nxg3 0-1

[Event "San Sebastian op 30th"]
[Site "San Sebastian"]
[Date "2007.04.08"]
[Round "9"]
[White "Izquierdo Arruferia, Joseba"]
[Black "Kuende Gorostidi, Jon"]
[Result "1/2-1/2"]
[WhiteElo "1755"]
[BlackElo "1891"]
[PlyCount "59"]
[EventDate "2007.04.01"]
[EventType "swiss"]
[EventRounds "9"]
[EventCountry "ESP"]
[SourceTitle "CBM 117 Extra"]
[Source "ChessBase"]
[SourceDate "2007.05.09"]
[SourceVersion "1"]
[SourceVersionDate "2007.05.09"]
[SourceQuality "1"]

1. e4 e6 2. d4 d5 3. Nc3 dxe4 4. Nxe4 Nd7 5. Nf3 Ngf6 6. Nxf6+ Nxf6 7. Bd3 Be7 8. c3 Bd7 9. Qc2 c5 10. Be3 Rc8 11. dxc5 Bxc5 12. Bxc5 Rxc5 13. 0-0 Bc6 14. Nd4 Rh5 15. Nxc6 bxc6 16. Be2 Rg5 17. Bf3 Qc7 18. Qa4 Nd5 19. Bxd5 Rxd5 20. Qb4 f6 21. Rfe1 Kf7 22. Qe4 Re8 23. Qxh7 Qb8 24. Qc2 Rh8 25. h3 Qf4 26. Qe4 Qd6 27. Qa4 a5 28. Rad1 Rc8 29. Rxd5 Qxd5 30. Rf1 1/2-1/2

[Event "Gipuzko-ch"]
[Site "Eibar"]
[Date "2006.11.25"]
[Round "6.11"]
[White "Kuende Gorostidi, Jon"]
[Black "Lopez Rojas, Salvador"]
[Result "0-1"]
[WhiteElo "1921"]
[BlackElo "1935"]
[PlyCount "51"]
[EventDate "2006.10.21"]
[EventType "swiss"]
[EventRounds "7"]
[EventCountry "ESP"]
[SourceTitle "EXT 2024"]
[Source "ChessBase"]
[SourceDate "2023.10.10"]
[SourceVersion "1"]
[SourceVersionDate "2023.10.10"]
[SourceQuality "1"]

1. e4 c5 2. Nf3 Nc6 3. d4 cxd4 4. Nxd4 Nf6 5. Nc3 g6 6. Be3 Bg7 7. f3 0-0 8. Qd2 a6 9. 0-0-0 d6 10. Nxc6 bxc6 11. Bc4 Qa5 12. Bh6 Rb8 13. Bxg7 Kxg7 14. g4 Qb4 15. Bb3 Be6 16. h4 h6 17. h5 g5 18. Rdg1 c5 19. f4 c4 20. fxg5 cxb3 21. gxf6+ exf6 22. a3 Qc5 23. Rf1 Rfc8 24. Qf4 Qg5 25. Rh2 Qxf4+ 26. Rxf4 0-1

[Event "Gipuzko-ch"]
[Site "Eibar"]
[Date "2006.11.04"]
[Round "3.5"]
[White "Alcaide Luque, Aitor"]
[Black "Kuende Gorostidi, Jon"]
[Result "1-0"]
[WhiteElo "2100"]
[BlackElo "1921"]
[PlyCount "101"]
[EventDate "2006.10.21"]
[EventType "swiss"]
[EventRounds "7"]
[EventCountry "ESP"]
[SourceTitle "EXT 2024"]
[Source "ChessBase"]
[SourceDate "2023.10.10"]
[SourceVersion "1"]
[SourceVersionDate "2023.10.10"]
[SourceQuality "1"]

1. d4 e6 2. e4 d5 3. Nd2 c5 4. exd5 Qxd5 5. Ngf3 cxd4 6. Bc4 Qc5 7. Qe2 Qb6 8. 0-0 Be7 9. Nb3 Bf6 10. Bg5 Nc6 11. Rad1 Bxg5 12. Nxg5 Nge7 13. Qd3 h6 14. Ne4 0-0 15. a4 a5 16. Nec5 e5 17. Qf3 Bf5 18. Rd2 Rad8 19. g4 Bg6 20. h4 Rd6 21. Ne4 Bxe4 22. Qxe4 Kh8 23. Bd3 f5 24. gxf5 Rxf5 25. f4 Rg6+ 26. Rg2 Rxg2+ 27. Qxg2 Rf6 28. Qe4 Rg6+ 29. Kh1 Nb4 30. h5 Nxd3 31. hxg6 Nxf4 32. Rxf4 exf4 33. Qxe7 Qxg6 34. Qd8+ Kh7 35. Nxd4 Qe4+ 36. Kh2 Qe1 37. Qd5 Qg3+ 38. Kh1 Qe1+ 39. Kg2 Qd2+ 40. Kh3 Qe3+ 41. Kg4 Qg3+ 42. Kf5 Qg5+ 43. Ke4 Qxd5+ 44. Kxd5 g5 45. Ke4 h5 46. c3 Kg6 47. b4 h4 48. Nf3 Kh5 49. Nh2 h3 50. Kf3 Kh4 51. bxa5 1-0

[Event "Gipuzko-ch"]
[Site "Eibar"]
[Date "2006.10.21"]
[Round "1.6"]
[White "Martin Alvarez, Inigo"]
[Black "Kuende Gorostidi, Jon"]
[Result "1-0"]
[WhiteElo "2129"]
[BlackElo "1921"]
[PlyCount "47"]
[EventDate "2006.10.21"]
[EventType "swiss"]
[EventRounds "7"]
[EventCountry "ESP"]
[SourceTitle "EXT 2024"]
[Source "ChessBase"]
[SourceDate "2023.10.10"]
[SourceVersion "1"]
[SourceVersionDate "2023.10.10"]
[SourceQuality "1"]

1. e4 c5 2. Nf3 d6 3. d4 cxd4 4. Qxd4 a6 5. Be3 Nd7 6. Nc3 Ngf6 7. 0-0-0 e5 8. Qd3 Be7 9. h3 0-0 10. g4 b5 11. g5 Nh5 12. Nd5 Nc5 13. Nxe7+ Qxe7 14. Qxd6 Qxd6 15. Rxd6 Nxe4 16. Rb6 f6 17. Bd3 Bf5 18. Nh4 g6 19. Nxf5 gxf5 20. Bxe4 fxe4 21. gxf6 Nxf6 22. Bh6 Rf7 23. Rg1+ Kh8 24. Rxf6 1-0

[Event "San Sebastian Primavera op 2nd"]
[Site "San Sebastian"]
[Date "2006.06.10"]
[Round "6.6"]
[White "Ladron de Guevara Galar, Francisco Javier"]
[Black "Kuende Gorostidi, Jon"]
[Result "1/2-1/2"]
[WhiteElo "2104"]
[BlackElo "1851"]
[PlyCount "64"]
[EventDate "2006.05.06"]
[EventType "swiss"]
[EventRounds "7"]
[EventCountry "ESP"]
[SourceTitle "CBM 112 Extra"]
[Source "ChessBase"]
[SourceDate "2006.07.14"]
[SourceVersion "1"]
[SourceVersionDate "2006.07.14"]
[SourceQuality "1"]

1. d4 d5 2. c4 c6 3. Nc3 Nf6 4. e3 Bf5 5. cxd5 cxd5 6. Qb3 Bc8 7. Nf3 e6 8. Bd3 Nc6 9. 0-0 Bd6 10. Bd2 0-0 11. Rac1 a6 12. e4 dxe4 13. Nxe4 Nxe4 14. Bxe4 Bd7 15. Qxb7 Ra7 16. Qb3 Ne7 17. Ne5 Bb5 18. Nc4 Bb8 19. Rfe1 Nd5 20. a4 Bc6 21. Ne5 Ba8 22. Nc6 Qd6 23. Qh3 f5 24. Bxd5 Qxd5 25. Nxa7 Bxa7 26. Red1 Bb7 27. Bg5 f4 28. Be7 Rf5 29. Bc5 Bb8 30. f3 Rh5 31. Qg4 Rg5 32. Qh3 Rh5 1/2-1/2

[Event "Gipuzkoa Provinz-ch"]
[Site "Azkoitia"]
[Date "2005.10.22"]
[Round "2"]
[White "Kuende Gorostidi, Jon"]
[Black "Lauroba Elizaran, Fermin"]
[Result "1-0"]
[WhiteElo "1868"]
[BlackElo "1987"]
[PlyCount "111"]
[EventDate "2005.10.15"]
[EventType "swiss"]
[EventRounds "7"]
[EventCountry "ESP"]
[SourceTitle "EXT 2022"]
[Source "ChessBase"]
[SourceDate "2021.10.06"]
[SourceVersion "1"]
[SourceVersionDate "2021.10.06"]
[SourceQuality "1"]

1. e4 d5 2. exd5 Nf6 3. Bb5+ Nbd7 4. c4 a6 5. Bxd7+ Bxd7 6. d4 e6 7. dxe6 Bxe6 8. d5 Bg4 9. Nf3 Bb4+ 10. Nc3 Qe7+ 11. Be3 0-0 12. 0-0 Rad8 13. Bg5 Qd6 14. Rc1 c6 15. c5 Bxc5 16. Bxf6 Bxf3 17. Qxf3 Qxf6 18. Qxf6 gxf6 19. Ne4 Bd4 20. dxc6 bxc6 21. Rxc6 Bxb2 22. Rxa6 Ra8 23. Nxf6+ Bxf6 24. Rxf6 Rxa2 25. g3 Rfa8 26. Kg2 Ra1 27. Rxa1 Rxa1 28. g4 Kg7 29. g5 Ra4 30. Kg3 Ra1 31. f4 Rb1 32. Kg4 Rb2 33. h4 Rg2+ 34. Kf5 Rh2 35. Kg4 Rg2+ 36. Kh3 Rg1 37. Kh2 Rg4 38. Kh3 Rg1 39. h5 Kf8 40. Ra6 Ke7 41. Rh6 Kf8 42. Rxh7 Kg8 43. Rh6 Kg7 44. Rf6 Kg8 45. h6 Kf8 46. Ra6 Kg8 47. Ra8+ Kh7 48. Rf8 Kg6 49. Ra8 Kf5 50. Ra4 f6 51. gxf6 Kxf6 52. Ra2 Rg6 53. Ra6+ Kf5 54. h7 Rxa6 55. h8Q Rg6 56. Qe5# 1-0

[Event "Primavera de Gros op 1st"]
[Site "San Sebastian"]
[Date "2005.06.04"]
[Round "5.10"]
[White "Kuende Gorostidi, Jon"]
[Black "Alvarado Fernandez, Mikel"]
[Result "0-1"]
[WhiteElo "1880"]
[BlackElo "2066"]
[PlyCount "95"]
[EventDate "2005.05.07"]
[EventType "swiss"]
[EventRounds "6"]
[EventCountry "ESP"]
[SourceTitle "EXT 2022"]
[Source "ChessBase"]
[SourceDate "2021.10.06"]
[SourceVersion "1"]
[SourceVersionDate "2021.10.06"]
[SourceQuality "1"]

1. e4 d5 2. exd5 Qxd5 3. Nc3 Qd6 4. d4 Nf6 5. Bd3 c6 6. Nge2 Bg4 7. f3 Bh5 8. Bf4 Qb4 9. 0-0 e6 10. Bc7 Na6 11. a3 Qe7 12. Bg3 Qd7 13. Ne4 Be7 14. b4 b5 15. c4 0-0 16. c5 Nc7 17. Nxf6+ Bxf6 18. Bd6 Rfd8 19. Kh1 Ne8 20. Nf4 Bg6 21. Nxg6 hxg6 22. Qb3 Nxd6 23. cxd6 Qxd6 24. Rad1 Qd5 25. Qc2 a5 26. Be4 Qd6 27. Qxc6 Qxc6 28. Bxc6 Ra6 29. Bxb5 Rb6 30. Be2 axb4 31. axb4 Rxb4 32. Rb1 Rdxd4 33. Rfc1 Rxb1 34. Rxb1 Be5 35. Rd1 Rh4 36. h3 Bg3 37. Rd8+ Kh7 38. Rd1 g5 39. Bb5 Rb4 40. Be8 Kg6 41. Kg1 Rb8 42. Bc6 Rb6 43. Be8 Kf6 44. Kf1 Rb8 45. Ba4 Ke5 46. Ke2 f5 47. Rc1 Rb4 48. Rc5+ 0-1